[Event "Paington op"]
[Site "Paignton"]
[Date "2011.09.10"]
[Round "7"]
[White "Regis, David"]
[Black "Rosen, Daniel B"]
[Result "1-0"]
[WhiteElo "2015"]
[BlackElo "2139"]
[PlyCount "53"]
[EventDate "2011.09.04"]
[EventType "swiss"]
[EventRounds "7"]
[EventCountry "ENG"]
[SourceTitle "CBM 144 Extra"]
[Source "ChessBase"]
[SourceDate "2011.10.28"]
[SourceVersion "1"]
[SourceVersionDate "2011.10.28"]
[SourceQuality "1"]

1. c4 e5 2. g3 d6 3. Bg2 f5 4. Nc3 Nf6 5. d4 Be7 6. Nf3 e4 7. Ng5 c6 8. f3 exf3 9. exf3 Na6 10. 0-0 0-0 11. Re1 Nc7 12. Qd3 d5 13. b3 dxc4 14. bxc4 Nfe8 15. f4 Bf6 16. Be3 Nd6 17. Rad1 h6 18. Nf3 Be6 19. d5 Bxc3 20. Qxc3 cxd5 21. cxd5 Nxd5 22. Qe5 Re8 23. Rxd5 Bxd5 24. Qxd5+ Kh8 25. Ne5 Kh7 26. Rd1 Ne4 27. Bxe4 1-0

[Event "Paington op"]
[Site "Paignton"]
[Date "2011.09.09"]
[Round "6"]
[White "Webb, Matthew"]
[Black "Regis, David"]
[Result "0-1"]
[WhiteElo "2079"]
[BlackElo "2015"]
[PlyCount "56"]
[EventDate "2011.09.04"]
[EventType "swiss"]
[EventRounds "7"]
[EventCountry "ENG"]
[SourceTitle "CBM 144 Extra"]
[Source "ChessBase"]
[SourceDate "2011.10.28"]
[SourceVersion "1"]
[SourceVersionDate "2011.10.28"]
[SourceQuality "1"]

1. e4 e6 2. d4 d5 3. Nd2 Nf6 4. e5 Nfd7 5. Bd3 c5 6. c3 Nc6 7. Ngf3 Qb6 8. 0-0 g6 9. Re1 Bg7 10. a3 a5 11. Qa4 cxd4 12. cxd4 0-0 13. Nb1 f6 14. exf6 Nxf6 15. Nc3 Bd7 16. Nb5 Na7 17. Qb3 a4 18. Qb4 Nxb5 19. Ne5 Be8 20. b3 Qxd4 21. bxa4 Qxb4 22. axb4 Nc7 23. Be3 Nd7 24. Nxd7 Bxa1 25. Nxf8 Rxa4 26. Bc5 Bg7 27. Bc2 Ra6 28. Be3 Ra3 0-1

[Event "Paington op"]
[Site "Paignton"]
[Date "2011.09.04"]
[Round "1"]
[White "Regis, David"]
[Black "Gill, Neville BK"]
[Result "1-0"]
[WhiteElo "2015"]
[BlackElo "2126"]
[PlyCount "63"]
[EventDate "2011.09.04"]
[EventType "swiss"]
[EventRounds "7"]
[EventCountry "ENG"]
[SourceTitle "CBM 144 Extra"]
[Source "ChessBase"]
[SourceDate "2011.10.28"]
[SourceVersion "1"]
[SourceVersionDate "2011.10.28"]
[SourceQuality "1"]

1. c4 e6 2. g3 d5 3. Bg2 Nf6 4. Nf3 dxc4 5. 0-0 a6 6. a4 Nc6 7. Na3 Bxa3 8. Rxa3 Rb8 9. Qc2 b5 10. axb5 axb5 11. b3 Nb4 12. Qb1 0-0 13. bxc4 bxc4 14. Bb2 c5 15. Qc1 Ba6 16. Bc3 Qb6 17. Ne5 Rfd8 18. Qa1 Bb5 19. Rc1 Nfd5 20. Nxf7 Kxf7 21. Bxg7 Rg8 22. Rf3+ Ke7 23. e4 Nc7 24. Qf6+ Kd7 25. Qf7+ Kc6 26. Rf6 Kb7 27. e5+ Ka7 28. Ra1+ Ba6 29. Rxe6 Rbf8 30. Bxf8 Rxf8 31. Qd7 Qb8 32. Qe7 1-0

[Event "East Devon op"]
[Site "Exeter"]
[Date "2009.03.08"]
[Round "5"]
[White "Regis, David"]
[Black "Helbig, Paul"]
[Result "1-0"]
[WhiteElo "1880"]
[BlackElo "2072"]
[PlyCount "109"]
[EventDate "2009.03.06"]
[EventType "swiss"]
[EventRounds "5"]
[EventCountry "ENG"]
[SourceTitle "EXT 2011"]
[Source "ChessBase"]
[SourceDate "2010.11.26"]
[SourceVersion "1"]
[SourceVersionDate "2010.11.26"]
[SourceQuality "1"]

1. d4 Nf6 2. g3 g6 3. Bg2 Bg7 4. e4 d6 5. Ne2 0-0 6. 0-0 e5 7. h3 Re8 8. Nbc3 c6 9. a4 Na6 10. Be3 Nb4 11. Qd2 a5 12. Rad1 exd4 13. Bxd4 d5 14. exd5 Nbxd5 15. Nxd5 Nxd5 16. Bxg7 Kxg7 17. c4 Qe7 18. cxd5 Qxe2 19. dxc6 Qxd2 20. Rxd2 bxc6 21. Rc1 Ra7 22. Bxc6 Rc7 23. Rdc2 Re5 24. Kg2 Bf5 25. Rc3 Re2 26. g4 Be6 27. Bb5 Rxc3 28. bxc3 Re5 29. c4 Rc5 30. Kf3 Kf6 31. Ke3 Ke5 32. f4+ Kd6 33. Rd1+ Kc7 34. Kd4 Kb6 35. Rb1 Rc7 36. Bd7+ Ka7 37. Bxe6 fxe6 38. Rb5 Ka6 39. c5 Rd7+ 40. Ke5 Rd5+ 41. Kxe6 Rd4 42. Rb6+ Ka7 43. f5 gxf5 44. gxf5 Rxa4 45. f6 Re4+ 46. Kd6 Rf4 47. Ke7 a4 48. f7 a3 49. Rb3 Re4+ 50. Kf6 Rf4+ 51. Ke6 a2 52. Ra3+ Kb7 53. Rxa2 Rf1 54. Re2 Kc6 55. Ke7 1-0

[Event "East Devon op"]
[Site "Exeter"]
[Date "2009.03.07"]
[Round "3"]
[White "Regis, David"]
[Black "Ponter, Ian"]
[Result "1-0"]
[WhiteElo "1880"]
[BlackElo "1984"]
[PlyCount "61"]
[EventDate "2009.03.06"]
[EventType "swiss"]
[EventRounds "5"]
[EventCountry "ENG"]
[SourceTitle "EXT 2011"]
[Source "ChessBase"]
[SourceDate "2010.11.26"]
[SourceVersion "1"]
[SourceVersionDate "2010.11.26"]
[SourceQuality "1"]

1. c4 Nf6 2. g3 c6 3. Nf3 d5 4. b3 e6 5. Bg2 Be7 6. 0-0 0-0 7. Bb2 a5 8. e3 Nbd7 9. Nc3 Re8 10. d4 Rb8 11. a4 Nb6 12. Qe2 Bb4 13. Rfd1 Bd7 14. c5 Bxc3 15. Bxc3 Nc8 16. Qe1 Ra8 17. Ne5 Ne7 18. Rdb1 Bc8 19. b4 axb4 20. Bxb4 Nd7 21. Nd3 Ng6 22. h4 e5 23. h5 Ngf8 24. dxe5 Nxe5 25. Nxe5 Rxe5 26. h6 Ne6 27. hxg7 d4 28. Rd1 Qe8 29. e4 Nxc5 30. f4 Na6 31. fxe5 1-0

[Event "Torquay op"]
[Site "Torquay"]
[Date "2008.11.21"]
[Round "1"]
[White "Yeo, Michael J"]
[Black "Regis, David"]
[Result "1-0"]
[WhiteElo "2103"]
[BlackElo "2015"]
[PlyCount "61"]
[EventDate "2008.11.21"]
[EventType "swiss"]
[EventRounds "5"]
[EventCountry "ENG"]
[SourceTitle "EXT 2011"]
[Source "ChessBase"]
[SourceDate "2010.11.26"]
[SourceVersion "1"]
[SourceVersionDate "2010.11.26"]
[SourceQuality "1"]

1. e4 e6 2. d4 d5 3. Nc3 Nf6 4. Bg5 Bb4 5. e5 h6 6. Bc1 Ne4 7. Qg4 g6 8. Nge2 c5 9. a3 cxd4 10. axb4 dxc3 11. Nxc3 Nxc3 12. bxc3 Qc7 13. Qd4 Bd7 14. b5 Kf8 15. Ba3+ Kg7 16. Bd6 Qd8 17. Rxa7 Rxa7 18. Qxa7 Qc8 19. Kd2 Rd8 20. Bd3 Be8 21. Ra1 Nd7 22. Be7 Nxe5 23. Qd4 f6 24. f4 Ng4 25. Bxd8 Qxd8 26. h3 e5 27. Qa7 e4 28. Qxb7+ Bf7 29. Ra7 Qe8 30. hxg4 exd3 31. Qxf7+ 1-0

[Event "Paington op"]
[Site "Paington"]
[Date "2008.09.06"]
[Round "7"]
[White "Webster, Richard J"]
[Black "Regis, David"]
[Result "0-1"]
[WhiteElo "1994"]
[BlackElo "2048"]
[PlyCount "82"]
[EventDate "2008.08.31"]
[EventType "swiss"]
[EventRounds "7"]
[EventCountry "ENG"]
[SourceTitle "EXT 2010"]
[Source "ChessBase"]
[SourceDate "2010.11.25"]
[SourceVersion "1"]
[SourceVersionDate "2010.11.25"]
[SourceQuality "1"]

1. e4 e6 2. d4 d5 3. e5 c5 4. c3 Nc6 5. Nf3 Bd7 6. a3 f6 7. b4 cxd4 8. cxd4 Nge7 9. Bd3 fxe5 10. dxe5 g6 11. 0-0 Bg7 12. Re1 0-0 13. Bg5 Rxf3 14. gxf3 Nxe5 15. Ra2 Qf8 16. Be2 Nf5 17. Nd2 Qd6 18. Nf1 Rf8 19. Bc1 Nd4 20. f4 Nxe2+ 21. Qxe2 Nc6 22. Qd3 e5 23. Rd1 Nd4 24. fxe5 Bxe5 25. f4 Bg7 26. Rf2 Bb5 27. Qd2 Ba4 28. Re1 Nc2 29. Ree2 Nd4 30. Re1 Nb3 31. Qd3 Nxc1 32. Rxc1 a6 33. Ne3 d4 34. Qc4+ Kh8 35. Qd5 Qe7 36. Nc4 Bc6 37. Qg5 Bf6 38. Qg4 Qe4 39. Kf1 Qd3+ 40. Kg1 Qe4 41. Kf1 d3 0-1

[Event "Paington op"]
[Site "Paington"]
[Date "2006.09.06"]
[Round "4"]
[White "Brusey, Alan W"]
[Black "Regis, David"]
[Result "1-0"]
[WhiteElo "2096"]
[BlackElo "2044"]
[PlyCount "109"]
[EventDate "2006.09.03"]
[EventType "swiss"]
[EventRounds "7"]
[EventCountry "ENG"]
[SourceTitle "CBM 114 Extra"]
[Source "ChessBase"]
[SourceDate "2006.11.03"]
[SourceVersion "1"]
[SourceVersionDate "2006.11.03"]
[SourceQuality "1"]

1. e4 c5 2. c3 g6 3. d4 cxd4 4. cxd4 d5 5. exd5 Nf6 6. Nc3 Nxd5 7. Bc4 Nxc3 8. bxc3 Bg7 9. Nf3 0-0 10. 0-0 Qc7 11. Qb3 Nc6 12. Ng5 e6 13. Be2 Na5 14. Qa3 Bd7 15. Be3 Rfc8 16. Rac1 Nc4 17. Qb3 Na5 18. Qc2 Nc4 19. Qe4 h6 20. Bxc4 Qxc4 21. Qxb7 Be8 22. Nf3 Qxa2 23. Ra1 Qc4 24. Rxa7 Rxa7 25. Qxa7 Qxc3 26. h3 Qc7 27. Ra1 Bb5 28. Qxc7 Rxc7 29. Ra8+ Kh7 30. Rb8 Bc6 31. Ne5 Bd5 32. Kh2 Bf6 33. Kg3 Kg7 34. Ng4 h5 35. Bh6+ Kh7 36. Nxf6+ Kxh6 37. Nxd5 exd5 38. Rd8 Kg5 39. Rxd5+ Kf6 40. Kf4 Rc2 41. Ke3 Ke6 42. Ra5 Rc1 43. g3 Re1+ 44. Kf4 Rd1 45. Ra6+ Kd5 46. Rf6 Rxd4+ 47. Kg5 Ke5 48. Rxf7 Rd6 49. Re7+ Kd4 50. Rg7 Ke4 51. Rxg6 Rd5+ 52. Kh4 Kf3 53. Rf6+ Kg2 54. f4 Ra5 55. Rh6 1-0

[Event "Paignton op"]
[Site "Paignton"]
[Date "2004.09.05"]
[Round "2"]
[White "Regis, David"]
[Black "Taylor, Geoffrey P"]
[Result "1/2-1/2"]
[WhiteElo "2080"]
[BlackElo "1856"]
[PlyCount "91"]
[EventDate "2004.09.11"]
[EventType "swiss"]
[EventRounds "7"]
[EventCountry "ENG"]
[SourceTitle "EXT 2006"]
[Source "ChessBase"]
[SourceDate "2005.11.24"]
[SourceVersion "1"]
[SourceVersionDate "2005.11.24"]
[SourceQuality "1"]

1. c4 e5 2. Nc3 Nf6 3. Nf3 Nc6 4. e4 d6 5. h3 Be7 6. d4 0-0 7. d5 Nb8 8. Be3 Nbd7 9. Bd3 c6 10. 0-0 Qc7 11. Rc1 Nb6 12. b4 c5 13. bxc5 dxc5 14. Nb5 Qb8 15. a4 Bd7 16. a5 Nc8 17. Rb1 a6 18. Nc3 Bd6 19. Na4 Qc7 20. Bd2 Ne8 21. Nb6 Nxb6 22. Rxb6 Rd8 23. Qb1 Bc8 24. Nh4 g6 25. Bh6 Ng7 26. g4 Qe7 27. Ng2 Bc7 28. d6 Rxd6 29. Rxd6 Qxd6 30. Ne3 Bd8 31. Nd5 g5 32. Bxg7 Kxg7 33. Qa1 Kg8 34. Rb1 f6 35. Be2 Qe6 36. Qc3 Rf7 37. Bd1 Qc6 38. f3 h5 39. Qa3 f5 40. gxh5 Rh7 41. Kg2 Qd6 42. Qc3 Bd7 43. Rxb7 Bc6 44. Rxh7 Kxh7 45. Be2 Bxd5 46. exd5 1/2-1/2